Statistics for Asiana Airlines Destinations

Click here to take the quiz!

General Stats

  • This quiz has been taken 74 times
  • The average score is 44 of 73

Answer Stats

CountryAnswer% Correct
South KoreaSeoul
98%
Hong KongHong Kong
96%
ChinaBeijing
94%
AustraliaSydney
94%
ThailandBangkok
92%
IndonesiaJakarta
92%
UKLondon
92%
USALos Angeles
92%
ItalyRome
92%
GermanyFrankfurt
90%
TurkeyIstanbul
90%
JapanOsaka
90%
USASan Francisco
90%
JapanTokyo
90%
VietnamHanoi
88%
FranceParis
88%
ChinaShanghai
88%
TaiwanTaipei
88%
ThailandPhuket
85%
KazakhstanAstana
83%
South KoreaBusan
83%
USAChicago
83%
SingaporeSingapore
83%
IndiaDelhi
81%
ChinaGuangzhou
79%
USASeattle
79%
VietnamHo chi minh city
77%
PhilippinesCebu
75%
South KoreaJeju
75%
JapanSapporo
75%
UzbekistanTashkent
75%
KazakhstanAlmaty
73%
ChinaChengdu
73%
JapanNagoya
73%
CambodiaPhnom Penh
71%
ChinaXi'an
71%
ChinaShenzhen
67%
ChinaChongqing
65%
USAHonolulu
65%
VietnamDa Nang
63%
JapanFukuoka
63%
ChinaNanjing
63%
South KoreaDaegu
60%
ChinaHarbin
60%
ChinaTianjin
58%
ChinaHangzhou
54%
ChinaQingdao
54%
USANew york city
52%
JapanSendai
48%
ChinaChangsha
46%
ChinaDalian
46%
JapanNaha
42%
Mariana Islands(US)Saipan
42%
South KoreaGwangju
40%
South KoreaUlsan
38%
ChinaChangchun
35%
PhilippinesClark
33%
VietnamNha Trang
31%
ChinaJinan
29%
ChinaYantai
27%
RussiaKhabarovsk
25%
South KoreaYeosu
25%
South KoreaCheongju
23%
ChinaGuilin
21%
South KoreaMuan
19%
JapanMiyazaki
17%
ChinaYancheng
17%
ChinaYanji
17%
RussiaYuzhnosakhalinsk
17%
PalauKorror
15%
South KoreaJinju
13%
ChinaWeihai
13%
ChinaHuangshan
8%

Score Distribution

Percentile by Number Answered

Percent of People with Each Score

Your Score History

You have not taken this quiz